Biblioteca

A name in search of a story : (Registro nro. 53869)

Detalles MARC
000 -LÍDER
Campo fijo de descripción fija 01228aas a2200229 4500
001 - NÚMERO DE CONTROL
Campo de control 768714001
003 - IDENTIFICADOR DEL NÚMERO DE CONTROL
Campo de control CO-MdFUSB
005 - FECHA Y HORA DE LA ULTIMA TRANSACCIÓN
control field 20171128142603.0
008 - ELEMENTOS DE LONGITUD FIJA -- INFORMACIÓN GENERAL
Campo fijo de descripción fija -- Información general 170808s1997 xxu||||| |||| 00| 0 eng d
022 ## - NÚMERO INTERNACIONAL NORMALIZADO PARA PUBLICACIONES SERIADAS
Número Internacional Normalizado para Publicaciones Seriadas 0098-9444
040 ## - FUENTE DE CATALOGACIÓN
Agencia Catalogadora CO-MdFUSB
Idioma de catalogación spa
Agencia que realiza la transcripción CO-MdFUSB
Agencia que realiza la modificación CO-MdFUSB
041 ## - CÓDIGO DE IDIOMA
Código de idioma para texto/pista de sonido o título separado eng
100 ## - ASIENTO PRINCIPAL--NOMBRE PERSONAL
Nombre personal Shanks, Hershel
Término relacionador autor
242 13 - TRADUCCIÓN DEL TÍTULO POR AGENCIA CATALOGADORA
Traducción del título Un nombre en busca de una historia :
Traducción del subtítulo un papiro egipcio revela a un esclavo asiático con un nombre bíblico : una partera mentada en Éxodo
245 10 - TÍTULO
Título A name in search of a story :
Subtitulo an Egyptian papyrus reveals an Asiatic slave with a biblical name -a midwife mentoned in Exodus
300 ## - DESCRIPCIÓN FÍSICA
Extensión Volumen 24. Número 1 (1998), páginas 6
Dimensiones : 28 cm.
520 1# - NOTA DE RESUMEN, ETC.
Nota de sumario, etc. Shiphrah, por supuesto, es el nombre de una de las parteras hebreas a quien Faraón convocó para llevar a cabo su orden de que todos los niños nacidos de los israelitas esclavizados fueran asesinados. Sin embargo, Sifrah no obedeció a Faraón; estaban dedicados a Dios, entonces dejaron vivir a los niños.
546 ## - NOTA DE IDIOMA
Nota de idioma Texto en inglés
650 #7 - ASIENTO SECUNDARIO DE MATERIA - TERMINO TEMÁTICO
9 (RLIN) 403
Término temático o nombre geográfico como elemento de entrada Excavaciones arqueológicas
773 0# - ASIENTO DE ITEM FUENTE
Título Biblical Archaeology Review
Biblionumber 49395
Itemnumber 59486
Parte(s) relacionada(s) / Volumen., número. (mes año), páginas Volumen 24. Número 1 (1998), páginas 6
Enumeración y primera página Página 6
942 ## - TIPO DE MATERIAL (KOHA)
Tipo de Item KOHA Artículos de Revista
Existencias
Expurgo - (Retirado) Estado de Perdido Estado de Dañado No prestable Colección Ubicación habitual Ubicación actual Fecha de Adquisición Signatura Topográfica Tipo de Material
        Colección de Hemeroteca Biblioteca FUSBC Biblioteca FUSBC 26/01/2016 Artículos de Revista

Biblioteca FUSBC | Teléfono: (57+4) 349 88 10 Ext. 141| WhatsApp (+57) 3005338115 
E-mail: biblioteca@unisbc.edu.co | Calle 76 87-14 Robledo Palenque, Medellín, Colombia

Con tecnología Koha